000 00647nam a2200241Ia 4500
003 OSt
005 20220927110534.0
006 a|||||r|||| 00| 0
007 ta
008 220926b |||||||| |||| 00| 0 eng d
024 _a68355
037 _cReports
040 _aRTL
_cRTL
_beng
041 _2eng
_aeng
082 _aX:5h2:N23r
110 _aFederation of Indian Chambers of Commerce and Industry
245 0 _aProceedings executive committee
_b Report
260 _c1943
650 _aTrade
700 _aFederation of Indian Chambers of Commerce and Industry
942 _hX:5h2:N23r
_cCC
999 _c697096
_d697096